• 首页
  • 本馆介绍
  • 公告通知
  • 最新文献
  • 馆藏检索
  • 电子资源
  • 读者导购
  • 参考咨询
  • 我的图书馆
  • 登录
  • 详细信息显示
  • 放入我的书架
  • 预约/预借图书
  • 作者相关作品
  • 分类相关作品
  • 丛书相关作品
  • 出版社相关作品

书目信息

  • 表格格式
  • 工作单格式
  • 卡片格式
题名:
有限群表示论
    
 
作者: 孟道骥 , 朱萍 编著
分册:  
出版信息: 北京   科学出版社  2006
页数: 201页
开本: 24cm
丛书名: 大学数学科学丛书
单 册:
中图分类: O152.1
科图分类:
主题词: 有限群--群表示--高等学校--教材
电子资源:
ISBN: 7-03-017735-5
000 00811oam2 2200253 450
001 0709000157
005 20070531124930.00
010    @a7-03-017735-5@dCNY30.00
100    @a20060904d2006 em y0chiy0110 ea
101 0  @achi
102    @aCN@b110000
105    @ay z 001yy
200 1  @a有限群表示论@Ayou xian qun biao shi lun@f孟道骥, 朱萍编著
210    @a北京@c科学出版社@d2006
215    @a201页@d24cm
225 2  @a大学数学科学丛书@v15
330    @a本书内容包括:基本概念、群表示的特征标、点群的表示、群代数与对称群的表示、有限群的实表示与复表示等。
461  0 @12001 @a大学数学科学丛书@v15
606 0  @a有限群@x群表示@x高等学校@j教材
690    @aO152.1@v4
701  0 @a孟道骥@Ameng dao ji@4编著
701  0 @a朱萍@Azhu ping@4编著
801  0 @aCN@bTAOJIN@c20070531
905    @a10447@dO152.1@e34
    
    有限群表示论/孟道骥, 朱萍编著.-北京:科学出版社,2006
    201页;24cm.-(大学数学科学丛书;15)
    
    
    ISBN 7-03-017735-5:CNY30.00
    本书内容包括:基本概念、群表示的特征标、点群的表示、群代数与对称群的表示、有限群的实表示与复表示等。
●
相关链接 在E读中查询图书 在五车中查询图书 在当当中查询图书 在豆瓣中查询图书


正题名:有限群表示论     索取号:O152.1/34         预约/预借

序号 登录号 条形码 馆藏地/架位号 状态 备注
1 0523923   205239231   第二样本阅览室/ [索取号:O152.1/34] 在馆    
2 0523924   205239240   第三借阅区/ [索取号:O152.1/34] 在馆    
3 0523925   205239259   第三借阅区/ [索取号:O152.1/34] 在馆    
唐山师范学院图书馆 欢迎您!
大连网信软件有限公司© 版权所有